Investigation into the new dimensions of basic education (Record no. 16037)

MARC details
000 -LEADER
fixed length control field 00413nam a2200145Ia 4500
082 ## - DEWEY DECIMAL CLASSIFICATION NUMBER
Classification number TK.0173
100 ## - MAIN ENTRY--AUTHOR NAME
Personal name Kantilal, Dava Subodhchandra
245 #0 - TITLE STATEMENT
Title Investigation into the new dimensions of basic education
260 ## - PUBLICATION, DISTRIBUTION, ETC. (IMPRINT)
Year of publication 1977
Name of publisher Gujarat University
300 ## - PHYSICAL DESCRIPTION
Number of Pages 487p. + C D - 45
650 ## - SUBJECT ADDED ENTRY--TOPICAL TERM
Topical Term BASIC EDUCATION - INDIA
650 ## - SUBJECT ADDED ENTRY--TOPICAL TERM
Topical Term EDUCATION, BASIC//BASIC EDUCATION
710 ## - ADDED ENTRY--CORPORATE NAME
Corporate name or jurisdiction name as entry element Bhatt, R.G.
942 ## - ADDED ENTRY ELEMENTS (KOHA)
Koha item type Thesis
Source of classification or shelving scheme Dewey Decimal Classification
Holdings
Withdrawn status Lost status Damaged status Not for loan Home library Current library Date acquired Full call number Accession Number Price effective from Koha item type
        NASSDOC Library NASSDOC Library 08/10/2004 TK.0173 13810 18/04/2019 Thesis